LEADER 01260nam a2200289 i 4500 001 000000119692 003 CaOOAMICUS 005 20031104000000.0 008 031104s1984 it u000 u ita u 013 $a92386 020 $a88-15-00524-2 040 $aSeMil$bita 100 1 $aGarelli, Franco,$d<1945- >.$0(OLS)http://semarc/name/16294 245 13$aLa generazione della vita quotidiana :$bi giovani in una società differenziata /$cFranco Garelli. 260 $aBologna :$bIl Mulino,$ccopyr. 1984. 300 $a329 p. :$bill., tabelle ;$c22 cm. 490 0 $aStudi e ricerche ;$v180. 500 $aContiene : Appendice. - Fondo Card. C.M. Martini. 650 4$aGiovani - Inchieste - Sec. 20.-21.$0(OLS)http://semarc/subject/22434 830 0$aStudi e ricerche ;$v180.$0(OLS)http://semarc/title/6597 850 $aSeMil 852 $aSeMil$W1$xVenegono$y1$m3N III 125$j74899$B74899$CSeMilBibl$Z2$F101546 $81 941 1 $a4 961 $aOmaggio: Martini Card. Carlo Maria 996 $6020$a88-15-00524-2$9(OLS)http://semarc/number/104650 996 $6245$aLa generazione della vita quotidiana :$bi giovani in una società differenziata$9(OLS)http://semarc/title/175967 996 $6260$aBologna :$bIl Mulino$9(OLS)http://semarc/publisher/29842 LEADER 01802nam a2200337 i 4500 001 000000151933 003 CaOOAMICUS 005 20241121124749.0 008 060718s2006 gw u000 u ger u 013 $a129274 020 $a3-11-019054-0 040 $aSeMil$bita 100 1 $aBerner, Christoph.$0(OLS)http://semarc/name/59677 245 10$aJahre, Jahrwochen und Jubiläen :$bHeptadische Geschichtskonzeptionen im Antiken Judentum /$cChristoph Berner. 260 $aBerlin ; New York :$bDe Gruyter,$c2006. 300 $axiii, 564 p. ;$c24 cm. 490 0 $aBeihefte zur Zeitschrift für die alttestamentliche Wissenschaft ;$v363 650 4$aRotuli del Mar Morto .$0(OLS)http://semarc/subject/1827 650 4$aTeologia della storia.$0(OLS)http://semarc/subject/9250 650 4$aBibbia. Antico Testamento. Levitico - Commentari, studi, critica, interpretazioni.$0(OLS)http://semarc/subject/2771 650 4$aBibbia. Antico Testamento. Daniele - Commentari, studi, critica, interpretazioni.$0(OLS)http://semarc/subject/2498 650 4$aLibro etiopico di Enoch - Studi.$0(OLS)http://semarc/subject/28716 650 4$aLibro dei Giubilei - Studi.$0(OLS)http://semarc/subject/28717 830 0$aBeihefte zur Zeitschrift für die alttestamentliche Wissenschaft ;$v363.$0(OLS)http://semarc/title/294 850 $aSeMil 852 $aSeMil$W1$xVenegono$y1$m2XA Q 363$j251150$B103912$CSeMilBibl$Z2$F112960 $81 961 $aSottoscrizione: De Gruyter 996 $6020$a3-11-019054-0$9(OLS)http://semarc/number/141568 996 $6245$aJahre, Jahrwochen und Jubiläen :$bHeptadische Geschichtskonzeptionen im Antiken Judentum$9(OLS)http://semarc/title/222091 996 $6260$aBerlin ; New York :$bDe Gruyter$9(OLS)http://semarc/publisher/29892